000 00570cam a2200145 4500500
005 20250921003725.0
041 _afre
042 _adc
100 1 0 _aProtais, Baptiste
_eauthor
245 0 0 _aNishida Kitarō, Le monde de l’agir. Problèmes fondamentaux de la philosophie I. Éditions Mimésis, “Œuvres de Nishida Kitarō”, 2025, 180 pages, €16.
260 _c2025.
500 _a39
786 0 _nÉtudes | Mai | 5 | 2025-04-24 | p. 136a-137 | 0014-1941
856 4 1 _uhttps://shs.cairn.info/journal-etudes-2025-5-page-136a?lang=en&redirect-ssocas=7080
999 _c1506807
_d1506807